Heat and mass transfer (Record no. 5861)

000 -LEADER
fixed length control field 00529nam a2200205 4500
001 - CONTROL NUMBER
control field 5861
003 - CONTROL NUMBER IDENTIFIER
control field BD-DhUET
008 - FIXED-LENGTH DATA ELEMENTS--GENERAL INFORMATION
fixed length control field 700409m19679999is a b 000 0 eng
040 ## - CATALOGING SOURCE
Original cataloging agency DLC
Transcribing agency DLC
Modifying agency BD-DhUET
082 00 - DEWEY DECIMAL CLASSIFICATION NUMBER
Classification number 621.011
Item number ECK/1959
100 ## - MAIN ENTRY--PERSONAL NAME
Personal name Eckert, R. R. G.
245 00 - TITLE STATEMENT
Title Heat and mass transfer
250 ## - EDITION STATEMENT
Edition statement 2nd ed.
260 ## - PUBLICATION, DISTRIBUTION, ETC. (IMPRINT)
Place of publication, distribution, etc. New York
Name of publisher, distributor, etc. McGraw-Hill
Date of publication, distribution, etc. 1959
300 ## - PHYSICAL DESCRIPTION
Extent xiv, 530p.
490 1# - SERIES STATEMENT
Series statement McGraw-Hill series in mechanical engineering
650 #0 - SUBJECT ADDED ENTRY--TOPICAL TERM
Topical term or geographic name as entry element Heat-Transmission
700 ## - ADDED ENTRY--PERSONAL NAME
Personal name Drake, Robert M.
942 ## - ADDED ENTRY ELEMENTS (KOHA)
Koha item type General Book
Holdings
Koha full call number Date acquired Location (home branch) Price effective from Damaged status Source of classification or shelving scheme Lost status Not for loan Piece designation (barcode) Shelving location Sublocation or collection (holding branch) Koha date last borrowed Copy number Koha normalized classification for sorting Koha issues (times borrowed) Koha date last seen Koha item type Withdrawn status
621.011/ECK/19592014-11-29Central Library, BUET2014-11-29    36668Circulation sectionCentral Library, BUET  621_011000000000000_ECK_1959 2014-11-29General Book 
621.011/ECK/19592014-12-03Central Library, BUET2014-12-03    14884Circulation sectionCentral Library, BUET 2621_000000000000000_011ECK1959 2014-12-03General Book 
621.011/ECK/19592015-04-12Central Library, BUET2015-04-12    11302Circulation sectionCentral Library, BUET 3621_011000000000000_ECK_1959 2015-04-12General Book 
621.011/ECK/19592015-04-12Central Library, BUET2015-04-12    31276Circulation sectionCentral Library, BUET 4621_011000000000000_ECK_1959 2015-04-12General Book 
621.011/ECK/19592015-04-12Central Library, BUET2015-04-12    31274Circulation sectionCentral Library, BUET 5621_011000000000000_ECK_1959 2015-04-12General Book 
621.011/ECK/19592015-04-12Central Library, BUET2015-04-12    31271Circulation sectionCentral Library, BUET 6621_011000000000000_ECK_1959 2015-04-12General Book 
621.011/ECK/19592015-04-12Central Library, BUET2015-04-12    31272Circulation sectionCentral Library, BUET 7621_011000000000000_ECK_1959 2015-04-12General Book 
621.011/ECK/19592015-04-13Central Library, BUET2015-04-13    31277Circulation sectionCentral Library, BUET2020-03-028621_011000000000000_ECK_195912021-11-28General Book 
621.011/ECK/19592015-04-13Central Library, BUET2015-04-13    11301Circulation sectionCentral Library, BUET 9621_011000000000000_ECK_1959 2015-04-13General Book 
621.011/ECK/19592015-04-13Central Library, BUET2015-04-13    11303Circulation sectionCentral Library, BUET 10621_011000000000000_ECK_1959 2015-04-13General Book 
621.011/ECK/19592015-04-13Central Library, BUET2015-04-13    24625Circulation sectionCentral Library, BUET 11621_011000000000000_ECK_1959 2015-04-13General Book 
621.011/ECK/19592015-04-13Central Library, BUET2015-04-13    7652Circulation sectionCentral Library, BUET 12621_011000000000000_ECK_1959 2015-04-13General Book 
621.011/ECK/19592015-04-13Central Library, BUET2015-04-13    24320Circulation sectionCentral Library, BUET 13621_011000000000000_ECK_1959 2015-04-13General Book 
621.011/ECK/19592015-04-13Central Library, BUET2015-04-13    24976Circulation sectionCentral Library, BUET 14621_011000000000000_ECK_1959 2015-04-13General Book 
621.011/ECK/19592015-04-13Central Library, BUET2015-04-13    31275Circulation sectionCentral Library, BUET 15621_011000000000000_ECK_1959 2015-04-13General Book 
621.011/ECK/19592015-06-16Central Library, BUET2015-06-16    7655Reading sectionCentral Library, BUET 16621_011000000000000_ECK_1959 2015-06-16General Book